Riconosci la Squadra di calcio - Quiz n°260 - Statistics

Statistiche generali
  • Questo quiz è stato fatto 5 volte
  • Il punteggio medio è 4 su 12
Statistiche sulle risposte
Indizio Risposta % Corretto
Colori sociali Bianco, rosso
100%
Titoli nazionali 3 campionati di Serie B
80%
Confederazione UEFA
40%
Trofei internazionali 0
20%
Fondazione 1910
20%
Rifondazione 1988
20%
Trofei nazionali 1 Coppe Italia Serie C/Lega Pro 1 Coppa Italia Dilettanti
20%
Rifondazione 2004
20%
Rifondazione 2015
20%
Scioglimento 2019
20%
Capienza Stadio 9 926 posti
20%
Squadra Varese
0%
Nessun quiz corrispondente trovato
Distribuzione punteggi
Percentuale di utenti per punteggio
Percentile per numero di risposta
I tuoi punteggi nel tempo
Non hai fatto questo quiz